000 00775nam a22002417a 4500
999 _c16366
_d16366
003 AR-CdUCM
008 190503b ||||| |||| 00| 0 spa d
040 _aMUNICIPALIDAD PROVINCIAL DEL CUSCO
_cBIBLIOTECA MUNICIPAL DEL CUSCO
041 _hfre
082 _a334 /
_bF28
100 _aFauquet, George
_935770
245 _aEl sector cooperativo /
260 _aBuenos Aires :
_bIntercoop Editora,
_c1962.
300 _a122 páginas ;
_c18 cm.
440 _aCuadernos de Cultura Cooperativa.
_935771
505 _aContenido: Exposición general -- Complementos.
650 _aCooperativas
_94787
650 _aGestión
_922604
650 _aSociedades
_92772
700 _aArroita, Agustín de (traducción)
_935772
942 _2ddc
_cLIBROS
945 _aachl
_d2019-05-03